000 00619nam a2200229Ia 4500
003 OSt
005 20220928111725.0
006 a|||||r|||| 00| 0
007 ta
008 220927b |||||||| |||| 00| 0 eng d
024 _a47968
037 _cTextual
040 _aSDCL
_cSDCL
_beng
041 _2eng
_aeng
082 _aO152,1N248x, M6
100 _aSingh Thakur Prasad
_9408661
245 0 _aHaari hui ladai ladte hue.
260 _aDelhi
_bIndraprastha Prakashan
_c1986
300 _a95p
_ccm.
942 _hO152,1N248x, M6
_cTEXL
_2CC
999 _c741589
_d741589